|
|
|
|
| LEADER |
02196nam a2200529 a 4500 |
| 001 |
nkc20102107328 |
| 003 |
CZ PrNK |
| 005 |
20100728162306.0 |
| 007 |
ta |
| 008 |
100531s2010 xr a e f 000 0 cze |
| 015 |
|
|
|a cnb002107328
|
| 020 |
|
|
|a 978-80-244-2502-3
|q (brož.) :
|c neprodejné
|
| 035 |
|
|
|a (OCoLC)649802922
|
| 040 |
|
|
|a ABA001
|b cze
|
| 072 |
|
7 |
|a 376
|x Výchova a vzdělávání zvláštních skupin osob
|2 Konspekt
|9 22
|
| 080 |
|
|
|a 793.3:37.016
|2 MRF
|
| 080 |
|
|
|a 316.774:37.016
|2 MRF
|
| 080 |
|
|
|a 502:37.03
|2 MRF
|
| 080 |
|
|
|a 376.018.57
|2 MRF
|
| 080 |
|
|
|a (072)
|2 MRF
|
| 100 |
1 |
|
|a Krejčířová, Olga,
|d 1949-
|7 ola2002142285
|4 aut
|
| 245 |
1 |
0 |
|a Pohybové hry v mediální a enviromentální výchově /
|c Olga Krejčířová, Ivana Treznerová
|
| 250 |
|
|
|a 1. vyd.
|
| 260 |
|
|
|a Olomouc :
|b Univerzita Palackého v Olomouci,
|c 2010
|
| 300 |
|
|
|a 53 s. :
|b il. ;
|c 21 cm
|
| 500 |
|
|
|a Nad názvem: Univerzita Palackého v Olomouci, Fakulta tělesné kultury
|
| 500 |
|
|
|a Publikace vznikla v rámci řešení projektu "Program průběžného vzdělávání učitelů základních škol vzdělávajících žáky s mentálním postižením CZ.1.07/1.3.00/08.0223"
|
| 500 |
|
|
|a Terminologický slovník
|
| 504 |
|
|
|a Obsahuje bibliografii
|
| 521 |
8 |
|
|a Určeno pro cílovou skupinu projektu ESF
|
| 650 |
0 |
7 |
|a pohybová výchova
|7 ph124202
|2 czenas
|
| 650 |
0 |
7 |
|a mediální výchova a vzdělávání
|7 ph346539
|2 czenas
|
| 650 |
0 |
7 |
|a environmentální výchova a vzdělávání
|7 ph119964
|2 czenas
|
| 650 |
0 |
7 |
|a praktické školy
|7 ph124548
|2 czenas
|
| 650 |
0 |
9 |
|a movement education
|2 eczenas
|
| 650 |
0 |
9 |
|a media education
|2 eczenas
|
| 650 |
0 |
9 |
|a environmental education
|2 eczenas
|
| 650 |
0 |
9 |
|a special schools
|2 eczenas
|
| 655 |
|
7 |
|a metodické příručky
|7 fd132826
|2 czenas
|
| 655 |
|
9 |
|a methodological manuals
|2 eczenas
|
| 700 |
1 |
|
|a Treznerová, Ivana
|7 jx20100603027
|4 aut
|
| 710 |
2 |
|
|a Univerzita Palackého.
|b Fakulta tělesné kultury
|7 kn20010709371
|
| 910 |
2 |
|
|a BOA001
|b 2-1241.945
|
| 990 |
|
|
|a BK
|
| 995 |
|
|
|a 01
|
| 991 |
|
|
|b 201007
|c NOV
|e n
|
| 996 |
6 |
|
|b 2610441600
|c 2-1241.945
|l MZK
|r Sklad / do 1 hodiny
|n 17
|p p.v.
|w 001130173
|u 000010
|a 1
|e BOA001
|j MZK50
|s P
|